000 nam a22 7a 4500
999 _c9769
_d9769
008 180208b ||||| |||| 00| 0 eng d
100 _aSteele,K.
_95867
245 _aMicrosoft Word 2000 in 24 Hours
260 _aNew Delhi
_bTech Media
_c1999